| 000 | 00791cam a2200241 a 4500 | ||
|---|---|---|---|
| 001 | 000008270 | ||
| 005 | 20200929161324.0 | ||
| 008 | 991003s1998 gt 000 p spa | ||
| 020 | _a9992200227 | ||
| 040 |
_aDO-SdBNP _cDLC _dDLC |
||
| 082 |
_aG681.44 _bC314a |
||
| 100 | 1 |
_aCarrera, Margarita _d1929- _922403 |
|
| 240 | 1 | 0 |
_aPoems. _kSelections |
| 245 | 1 | 0 |
_aAntología personal de poesía / _cMargarita Carrera. |
| 260 |
_aGuatemala : _bCultura, _c1998. |
||
| 300 |
_a172 p. ; _c22 cm. |
||
| 490 | 1 |
_aPoesía Guatemalteca S. XX ; _vno. 16 |
|
| 490 | 1 |
_aRafael Landivar ; _vno. 16 |
|
| 650 | 4 |
_aPoesía guatemalteca _914068 |
|
| 650 | 4 |
_aLiteratura guatemalteca _95393 |
|
| 830 | 0 |
_aPoesía Guatemalteca S. XX ; _pRafael Landivar : _vno. 16. _922404 |
|
| 910 | _aCatalogación por copia / LC | ||
| 999 |
_c8041 _d8041 |
||